| 000 | 00528nam a2200193 a 4500 | ||
|---|---|---|---|
| 005 | 20140310183311.0 | ||
| 008 | 050913s19uu xx 00 eng d | ||
| 020 | _a0130400246 | ||
| 050 |
_aTK 5101 _b.G36 2002 |
||
| 100 | _aGehris, Dennis O. | ||
| 245 | _aCommunication technologies/. | ||
| 260 |
_aNew Jersey : _bPrentice Hall, _c2002. |
||
| 300 |
_a267 p. : _bill. ; _c26 cm. |
||
| 650 | _aTelecommunication. | ||
| 650 | _aInformation Technology. | ||
| 700 | _aSzul, Linda F. | ||
| 942 |
_cBK _2lcc _kFOR |
||
| 999 |
_c21152 _d21152 |
||